Province italiane senza sbocco sul mare - Statistics

Statistiche generali
  • Questo quiz è stato fatto 129 volte
  • Il punteggio medio è 44 su 47
Statistiche sulle risposte
REGIONE PROVINCIA % Corretto
Emilia-Romagna Bologna
99%
Trentino Alto-Adige Bolzano
98%
Toscana Firenze
98%
Emilia-Romagna Piacenza
97%
Trentino Alto-Adige Trento
97%
Veneto Verona
97%
Veneto Vicenza
97%
Valle d'Aosta Aosta
96%
Lombardia Milano
96%
Umbria Perugia
96%
Campania Benevento
95%
Lombardia Como
95%
Lazio Frosinone
95%
Toscana Prato
95%
Emilia-Romagna Reggio-Emilia
95%
Campania Avellino
94%
Lombardia Bergamo
94%
Sicilia Enna
94%
Lazio Rieti
94%
Toscana Siena
94%
Lombardia Brescia
93%
Molise Isernia
93%
Emilia-Romagna Modena
93%
Friuli Venezia-Giulia Pordenone
93%
Piemonte Torino
93%
Lombardia Lodi
92%
Lombardia Monza
92%
Emilia-Romagna Parma
92%
Umbria Terni
92%
Toscana Arezzo
91%
Piemonte Asti
91%
Lombardia Cremona
91%
Lombardia Lecco
91%
Lombardia Sondrio
91%
Veneto Treviso
91%
Piemonte Alessandria
90%
Abruzzo L'Aquila
90%
Piemonte Novara
90%
Veneto Belluno
89%
Toscana Pistoia
89%
Piemonte Cuneo
88%
Lombardia Pavia
88%
Lombardia Mantova
87%
Lombardia Varese
87%
Piemonte Vercelli
85%
Piemonte Biella
83%
Piemonte Verbania
83%
Nessun quiz corrispondente trovato
Distribuzione punteggi
Percentuale di utenti per punteggio
Percentile per numero di risposta
I tuoi punteggi nel tempo
Non hai fatto questo quiz